Vybrané kapitoly zo základov ekonomiky nevýrobných odvetví učeb. pomôcka pre potrebu poslucháčov VŠE

Bibliographic Details
Main Authors: Cibáková, Viera, 1943- (Author), Michalová, V. (Author), Kamiač, Andrej, 1917-1998 (Author)
Format: Book
Language:Slovak
PhysicalDescription:178 s. 4°
Published: Bratislava Vysoká škola ekonomická 1975
Series:Vysokoškolské skriptá
Subjects:

MARC

LEADER 00000nam a2200000 a 4500
001 vtls008333256
003 SK-MaSNL
005 20260424123956.0
008 240509s1975 xo 000 slo
015 |a SKSNBA1975/12-02996 
035 |a SK01SNK19750025473 
035 |a SKM000027936 
040 |a SNK  |b slo  |c SNK  |e AACR2 
041 0 |a slo 
044 |a xo  |c SK 
080 |a 330(075.8)  |2 1981 
100 1 |a Cibáková, Viera,  |d 1943-  |4 aut  |9 1637590 
245 1 0 |a Vybrané kapitoly zo základov ekonomiky nevýrobných odvetví  |b učeb. pomôcka pre potrebu poslucháčov VŠE  |c autori: Viera Cibáková, V. Michalová, A. Kamiač 
260 |a Bratislava  |b Vysoká škola ekonomická  |c 1975 
300 |a 178 s.  |c 4° 
490 1 |a Vysokoškolské skriptá 
500 |a Lit. Tb. Pozn. Schémy 
563 |a 250 výtl. 
650 0 7 |a ekonomika  |x odvetvia nevýrobné  |2 SNK  |9 589779 
650 0 7 |a odvetvia nevýrobné  |x ekonomika  |2 SNK  |9 589780 
655 7 |a Textbooks (higher)  |2 SNKPHeng  |9 276436 
655 7 |a učebnice vysokých škôl  |2 SNKPH  |9 70191 
655 7 |a učebné texty  |2 SNKPH  |9 70568 
700 1 |a Michalová, V.  |4 aut  |9 589781 
700 1 |a Kamiač, Andrej,  |d 1917-1998  |4 aut  |9 88083 
830 0 |a Vysokoškolské skriptá  |9 276440 
852 |a Slovenská národná knižnica v Martine  |b 10000  |h SB 22717 
852 |a Slovenská národná knižnica v Martine  |b 10000  |h SB 22717 D1 
958 |a OND 
958 |a UV 
958 |a NB 
958 |a RM 
958 |a RK 
999 |c 907366  |d 909296 
952 |a SNK  |b SNK  |y PREZ  |7 0  |p 17A0924268  |o snkSB 22717   |0 0  |1 0  |4 0  |d 2012-07-25  |f 1  |l 0  |r 2025-03-27 00:00:00  |w 2026-02-24 
952 |a SNK  |b SNK  |y VYP  |7 0  |p 17A0597991  |o snkSB 22717 D1  |i snkKSP 6990/75  |0 0  |1 0  |4 0  |d 2008-09-10  |l 0  |r 2026-02-24 07:33:28  |w 2026-02-24